000 00696nam a2200289Ia 4500
005 20260324132643.0
008 008 260324s9999 xx 000 0 eng d
020 _a9781315135694
037 _aEBOOK
040 _aCRL
040 _beng
040 _cCRL
041 _2eng
041 _aeng
084 _qCRL
100 _aRoger L. Geiger
_91157962
245 0 _aTo Advance Knowledge
245 4 _bThe Growth of American Research Universities, 1900-1940
260 _bTaylor and Francis
260 _c2004
365 _a
365 _b230
856 _uhttp://www.taylorfrancis.com/books/9781315135694
942 _cEBOOK
999 _c1788401
_d1788401